| 000 | 00970cam a22002771 4500 | ||
|---|---|---|---|
| 001 | gs 62000254 | ||
| 003 | DLC | ||
| 005 | 20260227111411.0 | ||
| 008 | 760623s1961 xx 000 0 eng | ||
| 010 | _ags 62000254 | ||
| 035 | _a(OCoLC)2275455 | ||
| 040 |
_aDLC _cMeU-P _dDLC |
||
| 042 | _apremarc | ||
| 050 | 0 | 0 |
_aQE171 _b.A3 no. 17 |
| 100 | 1 |
_aSkehan, James William, _d1923- |
|
| 245 | 1 | 4 | _aThe Green Mountain anticlinorium in the vicinity of Wilmington and Woodford, Vermont. |
| 260 |
_aMontpelier, _bVermont Development Dept., _c1961. |
||
| 300 |
_a159 p. _billus. (1 col.) maps (1 col.) _c23 cm. |
||
| 490 | 1 |
_aVermont. Geological Survey. Bulletin _vno. 17 |
|
| 500 | _aPart of illustrative matter fold. in pocket. | ||
| 504 | _aBibliography: p. 155-159. | ||
| 650 | 0 |
_aGeology _zVermont _zGreen Mountains. |
|
| 650 | 0 | _aGeology, Structural. | |
| 650 | 0 |
_aPetrology _zVermont _zGreen Mountains. |
|
| 810 | 1 |
_aVermont. _bState Geologist. _tBulletin ; _vno. 17. |
|
| 999 |
_c29644 _d29644 |
||